[Event "FRA AJEC/5153 corr"]
[Site "France"]
[Date "2002.??.??"]
[Round "?"]
[White "Bajoue, Claude"]
[Black "Becker, Laurent"]
[Result "1-0"]
[WhiteElo "1787"]
[BlackElo "1850"]
[PlyCount "59"]
[EventDate "2002.02.15"]
[EventType "tourn"]
[EventRounds "8"]
[EventCountry "FRA"]
[SourceTitle "Corr 2004"]
[Source "ChessBase"]
[SourceDate "2003.04.28"]
[SourceVersion "3"]
[SourceVersionDate "2003.04.28"]
[SourceQuality "1"]

1. d4 d5 2. c4 e5 3. dxe5 d4 4. Nf3 Nc6 5. g3 Bg4 6. Nbd2 Bb4 7. Bg2 Qd7 8. 0-0 0-0-0 9. a3 Bxd2 10. Qxd2 h5 11. Qg5 f6 12. exf6 gxf6 13. Qd2 Ne5 14. Nxe5 fxe5 15. Qb4 c6 16. Bg5 Re8 17. Rae1 e4 18. f3 exf3 19. exf3 Be6 20. Bf4 d3 21. Qc5 b6 22. Qe5 Kb7 23. Qxh8 Bf7 24. Rxe8 Qxe8 25. Qd4 Qe7 26. Qxd3 Be6 27. b4 h4 28. Re1 Qf7 29. Qd8 h3 30. Qb8+ 1-0